00464nam a2200121Ia 4500008004100000245013200041260002400173260000900197300000800206650002300214650001200237856009300249170516s9999 xx 000 0 und d aVisualization of blood supply route to the reconstructed stomach by indocyanine green fluorescence imaging during esophagectomy bBMC Medical Imaging c2014 a14: xMedical Technology xMedtech uhttp://bmcmedimaging.biomedcentral.com/articles?query=&volume=14&searchType=&tab=keyword